000 00874nas a2200265 4500
001 BR7700435
003 BR-BrBNA
005 20231205083040.0
007 ta
008 230509b bl.|||p| |||| 00| 00por d
040 _aBR-BrBNA
_bpor
_cBiblioteca Nacional de Agricultura
041 _a(Pt)
072 _aL30
100 1 _aPeixoto, R.R.
100 1 _aFarias, J.V. da S.
245 1 _aEstudo da influencia da prensagem (pellets)de racao com elevado teor de farinha de mandioca no desempenho de porcos em crescimento e terminacao, e nas caracteristicas da carcaca [Suino; Brasil]
650 _aMANDIOCA
650 _aSUÍNO
650 _aFARINHA
650 _aRACAO
650 _aPELLET
773 0 _tRevista da Sociedade Brasileira de Zootecnia (Brazil)
_x
_g(1976), v. 5(1) p. 1-8
_wBR7700435
909 _a202311
_bLúcia
_c55
_dLúcia Elande
942 _2AGRIS
_n0
_cANA
999 _c96019
_d96019